[Event "Oberliga Nord N 1213"]
[Site "Germany"]
[Date "2012.11.11"]
[Round "2.5"]
[White "Westphal, Bernd"]
[Black "Zimmermann, Martin"]
[Result "1/2-1/2"]
[WhiteElo "2128"]
[BlackElo "2239"]
[PlyCount "71"]
[EventDate "2012.10.14"]
[EventType "team-tourn"]
[EventRounds "9"]
[EventCountry "GER"]
[SourceTitle "EXT 2015"]
[Source "ChessBase"]
[SourceDate "2014.11.20"]
[SourceVersion "1"]
[SourceVersionDate "2014.11.20"]
[SourceQuality "1"]
[WhiteTeam "Schwarzenbek"]
[BlackTeam "Hamburg Schachfreunde"]
[WhiteTeamCountry "GER"]
[BlackTeamCountry "GER"]

1. d4 d5 2. c4 e6 3. Nc3 Nf6 4. cxd5 exd5 5. Bg5 Be7 6. Qc2 c6 7. e3 Nbd7 8. Bd3 h6 9. Bh4 0-0 10. Nf3 Re8 11. 0-0 Nf8 12. a3 Bg4 13. Ne5 Bh5 14. h3 N6d7 15. Bg3 Nxe5 16. Bxe5 Bd6 17. Bxd6 Qxd6 18. b4 a6 19. Ne2 Bg6 20. Nf4 Be4 21. Bxe4 Rxe4 22. Qc5 Qf6 23. Qb6 Re7 24. a4 Ne6 25. Nxe6 fxe6 26. b5 axb5 27. axb5 Rxa1 28. Rxa1 Rf7 29. Rf1 cxb5 30. Qxb5 Rc7 31. Qb6 Qf7 32. Qd6 Rc2 33. Qg3 Rb2 34. Rc1 Kh7 35. Rc7 Qf6 36. Qf3 1/2-1/2

[Event "Oberliga Nord N 1213"]
[Site "Germany"]
[Date "2012.10.14"]
[Round "1.5"]
[White "Westphal, Bernd"]
[Black "Lampe, Joerg"]
[Result "0-1"]
[WhiteElo "2128"]
[BlackElo "2181"]
[PlyCount "50"]
[EventDate "2012.10.14"]
[EventType "team-tourn"]
[EventRounds "9"]
[EventCountry "GER"]
[SourceTitle "EXT 2015"]
[Source "ChessBase"]
[SourceDate "2014.11.20"]
[SourceVersion "1"]
[SourceVersionDate "2014.11.20"]
[SourceQuality "1"]
[WhiteTeam "Schwarzenbek"]
[BlackTeam "Koenigsspringer"]
[WhiteTeamCountry "GER"]
[BlackTeamCountry "GER"]

1. d4 d5 2. c4 e6 3. Nc3 c5 4. cxd5 exd5 5. Nf3 Nc6 6. g3 Nf6 7. Bg2 Be7 8. 0-0 0-0 9. Bf4 cxd4 10. Nxd4 Bg4 11. h3 Be6 12. Rc1 Rc8 13. Be3 Qd7 14. Kh2 Rfd8 15. f4 Bf5 16. Bg1 a6 17. Na4 Nxd4 18. Qxd4 Qe6 19. Qe5 Ng4+ 20. hxg4 Qh6+ 21. Bh3 Bxg4 22. Bb6 Qxh3+ 23. Kg1 Qxg3+ 24. Kh1 Rxc1 25. Rxc1 Rd6 0-1

[Event "Hamburg Junge op"]
[Site "Hamburg"]
[Date "2005.10.01"]
[Round "1"]
[White "Westphal, Bernd"]
[Black "Nijboer, Friso"]
[Result "0-1"]
[WhiteElo "2079"]
[BlackElo "2545"]
[PlyCount "114"]
[EventDate "2005.10.01"]
[EventType "swiss"]
[EventRounds "9"]
[EventCountry "GER"]
[SourceTitle "CBM 108 Extra"]
[Source "ChessBase"]
[SourceDate "2005.11.04"]
[SourceVersion "1"]
[SourceVersionDate "2005.11.04"]
[SourceQuality "1"]

1. e4 c5 2. Nf3 e6 3. c3 d5 4. exd5 exd5 5. d4 Nc6 6. Bb5 Bd6 7. 0-0 Nge7 8. dxc5 Bxc5 9. Nbd2 0-0 10. Nb3 Bd6 11. Bg5 Qc7 12. Re1 h6 13. Bxe7 Nxe7 14. Nbd4 a6 15. Bd3 Bd7 16. Bc2 Rfe8 17. Qd3 Ng6 18. h3 Qc4 19. Qxc4 dxc4 20. Be4 Rab8 21. Rad1 Nf8 22. Bd5 b5 23. Nc6 Rxe1+ 24. Nxe1 Rb6 25. Nd4 Ne6 26. Nxe6 fxe6 27. Be4 Kf7 28. Nc2 Ke7 29. Kf1 a5 30. Ne3 Bc5 31. Ke2 Be8 32. Kf3 Bh5+ 33. g4 Be8 34. a3 g5 35. Rh1 h5 36. Rd1 h4 37. Rd2 Rb8 38. Nc2 Bd7 39. Ne3 Rc8 40. Rd1 Bd6 41. Nc2 Be5 42. Nd4 b4 43. axb4 axb4 44. Ke3 Bd6 45. Nf3 Bf4+ 46. Ke2 Rb8 47. Rb1 Rb6 48. b3 bxc3 49. bxc4 Rb2+ 50. Rxb2 cxb2 51. Nd2 Bxd2 52. Kxd2 Bc6 53. Bb1 Bg2 54. Ke3 Bxh3 55. f4 Bxg4 56. fxg5 Bf5 57. Ba2 Kd6 0-1

[Event "Oberliga Nord N 0405"]
[Site "Germany"]
[Date "2005.04.10"]
[Round "9.5"]
[White "Nonnenmacher, Thomas"]
[Black "Westphal, Bernd"]
[Result "1/2-1/2"]
[WhiteElo "2215"]
[BlackElo "2143"]
[PlyCount "93"]
[EventDate "2004.10.24"]
[EventType "team-tourn"]
[EventRounds "9"]
[EventCountry "GER"]
[SourceTitle "EXT 2006"]
[Source "ChessBase"]
[SourceDate "2005.11.24"]
[SourceVersion "1"]
[SourceVersionDate "2005.11.24"]
[SourceQuality "1"]
[WhiteTeam "Pinneberg"]
[BlackTeam "Glinde"]
[WhiteTeamCountry "GER"]
[BlackTeamCountry "GER"]

1. c4 e6 2. Nf3 Nf6 3. d4 c5 4. Nc3 cxd4 5. Nxd4 d5 6. e3 Be7 7. Be2 dxc4 8. 0-0 Qc7 9. Ndb5 Qc5 10. b4 Qb6 11. e4 0-0 12. Be3 Qd8 13. Qxd8 Bxd8 14. Bc5 Nc6 15. Bxf8 Kxf8 16. Bxc4 Nxb4 17. Rab1 Nc6 18. Rfd1 Ba5 19. Rb3 a6 20. Nd6 b5 21. Be2 e5 22. Nd5 Nd4 23. Re3 Be6 24. Bf3 Nxf3+ 25. gxf3 Bxd5 26. exd5 Bb6 27. Rc3 Bd4 28. Rc7 Nxd5 29. Rxf7+ Kg8 30. Rb7 Rf8 31. Rc1 Nc3 32. Kg2 h6 33. Rc2 Nd5 34. Rc6 Nb4 35. Rcc7 e4 36. Nxe4 Nxa2 37. Rd7 Ba1 38. Nc5 Nb4 39. Ne6 Rf5 40. f4 Nd5 41. Nxg7 Nxf4+ 42. Kf1 Rf8 43. f3 b4 44. Nf5 Rxf5 45. Rd8+ Rf8 46. Rxf8+ Kxf8 47. Rxb4 1/2-1/2

[Event "Oberliga Nord N 0405"]
[Site "Germany"]
[Date "2005.01.30"]
[Round "6.5"]
[White "Westphal, Bernd"]
[Black "Boehm, Thomas1111"]
[Result "0-1"]
[WhiteElo "2143"]
[BlackElo "2199"]
[PlyCount "126"]
[EventDate "2004.10.24"]
[EventType "team-tourn"]
[EventRounds "9"]
[EventCountry "GER"]
[SourceTitle "EXT 2006"]
[Source "ChessBase"]
[SourceDate "2005.11.24"]
[SourceVersion "1"]
[SourceVersionDate "2005.11.24"]
[SourceQuality "1"]
[WhiteTeam "Glinde"]
[BlackTeam "Luebeck II"]
[WhiteTeamCountry "GER"]
[BlackTeamCountry "GER"]

1. d4 Nf6 2. Nf3 g6 3. c4 Bg7 4. Nc3 0-0 5. e4 d6 6. Be2 e5 7. d5 a5 8. Bg5 h6 9. Bh4 Na6 10. Nd2 Qe8 11. 0-0 Bd7 12. a3 Nh7 13. f3 h5 14. Rb1 Bh6 15. Bf2 Qe7 16. Qc2 Bf4 17. b4 Qg5 18. Rfd1 axb4 19. axb4 h4 20. Kh1 Nf6 21. Nf1 Nh5 22. Bd3 Kg7 23. c5 Ng3+ 24. Kg1 Nxf1 25. Bxf1 Bg3 26. c6 bxc6 27. dxc6 Be6 28. Bxa6 Rxa6 29. b5 Bxf2+ 30. Qxf2 Ra3 31. Nd5 Bxd5 32. exd5 h3 33. b6 cxb6 34. Rxb6 Rfa8 35. Qd2 Qf5 36. c7 Ra2 37. Rb2 Rxb2 38. Qxb2 hxg2 39. Qc3 Qh3 40. Rd2 Qf5 41. Rc2 Rc8 42. Kxg2 Qg5+ 43. Kf1 Qf4 44. Rf2 Kf6 45. Qc6 Ke7 46. Kg2 Qg5+ 47. Kf1 Qf5 48. Kg2 Qd7 49. Qc1 Rxc7 50. Qg5+ Kf8 51. f4 Qe7 52. Qh6+ Kg8 53. f5 Qf6 54. fxg6 Qxg6+ 55. Qxg6+ fxg6 56. Rf6 Rd7 57. Rxg6+ Rg7 58. Rxg7+ Kxg7 59. Kf3 Kf6 60. Kg4 Kg6 61. h3 Kf6 62. h4 Kg6 63. h5+ Kf6 0-1

[Event "Oberliga Nord N 0405"]
[Site "Germany"]
[Date "2004.10.24"]
[Round "1.6"]
[White "Zimmermann, Martin"]
[Black "Westphal, Bernd"]
[Result "1/2-1/2"]
[WhiteElo "2220"]
[BlackElo "2143"]
[PlyCount "107"]
[EventDate "2004.10.24"]
[EventType "team-tourn"]
[EventRounds "9"]
[EventCountry "GER"]
[SourceTitle "EXT 2006"]
[Source "ChessBase"]
[SourceDate "2005.11.24"]
[SourceVersion "1"]
[SourceVersionDate "2005.11.24"]
[SourceQuality "1"]
[WhiteTeam "Hamburg SV 1934"]
[BlackTeam "Glinde"]
[WhiteTeamCountry "GER"]
[BlackTeamCountry "GER"]

1. d4 d5 2. Nf3 Nf6 3. g3 Bf5 4. Bg2 c6 5. Nbd2 h6 6. 0-0 e6 7. b3 Nbd7 8. Bb2 Be7 9. c4 0-0 10. Ne5 Nxe5 11. dxe5 Nd7 12. e4 dxe4 13. Nxe4 Bxe4 14. Bxe4 Nc5 15. Bc2 Qxd1 16. Rfxd1 Rfd8 17. Kf1 Kf8 18. Ke2 Ke8 19. Bc3 Rxd1 20. Rxd1 Rd8 21. Rxd8+ Kxd8 22. f4 Na6 23. Kf3 h5 24. h3 g6 25. Bb2 Nb4 26. Bb1 c5 27. Be4 Kc7 28. a3 Nc6 29. Bxc6 Kxc6 30. Bc3 Bd8 31. Be1 Be7 32. g4 hxg4+ 33. Kxg4 Bd8 34. h4 Kd7 35. Bf2 Kc6 36. h5 gxh5+ 37. Kxh5 Ba5 38. Be3 Bc3 39. Kg5 Bd4 40. Bd2 Kd7 41. Kf6 Ke8 42. Ba5 Bf2 43. Kg5 b6 44. Bd2 Bg3 45. Be3 Be1 46. f5 Ke7 47. Kf4 f6 48. Ke4 exf5+ 49. Kxf5 fxe5 50. Kxe5 Kd7 51. Kd5 Kc7 52. Bf4+ Kb7 53. Bd6 a5 54. a4 1/2-1/2

[Event "Schleswig Holstein-ch M 59th"]
[Site "Buesum"]
[Date "2004.??.??"]
[Round "7"]
[White "Marxen, Peter"]
[Black "Westphal, Bernd"]
[Result "1-0"]
[WhiteElo "2213"]
[BlackElo "2153"]
[PlyCount "101"]
[EventDate "2004.??.??"]
[EventType "swiss"]
[EventRounds "9"]
[EventCountry "GER"]
[SourceTitle "EXT 2010"]
[Source "ChessBase"]
[SourceDate "2010.11.25"]
[SourceVersion "1"]
[SourceVersionDate "2010.11.25"]
[SourceQuality "1"]

1. e4 e5 2. Nf3 Nc6 3. d4 exd4 4. Nxd4 Bc5 5. Nxc6 Qf6 6. Qf3 dxc6 7. Bc4 Be6 8. Qxf6 Nxf6 9. Bxe6 fxe6 10. f3 0-0-0 11. Ke2 Rd7 12. Rd1 Rxd1 13. Kxd1 Bd6 14. h3 Nh5 15. Nc3 Nf4 16. Bxf4 Bxf4 17. Ke2 Rd8 18. Rd1 Rd6 19. Rd3 Kd7 20. Nd1 Rxd3 21. Kxd3 c5 22. b3 Kc6 23. Nc3 Be5 24. a4 a6 25. Ne2 g6 26. f4 Bf6 27. e5 Be7 28. Nc3 g5 29. Ke4 gxf4 30. Ne2 Kd7 31. Nxf4 Bh4 32. Nd3 b6 33. Kf4 Ke8 34. g4 Kf7 35. Ke4 Be7 36. Ne1 Kg6 37. Nf3 h5 38. Kf4 hxg4 39. Kxg4 Bf8 40. h4 Bg7 41. h5+ Kh6 42. Ng5 c4 43. bxc4 c6 44. Nf7+ Kh7 45. Kg5 Bf8 46. Kf6 b5 47. cxb5 cxb5 48. axb5 a5 49. b6 Bc5 50. b7 Ba7 51. Nd6 1-0

[Event "Schleswig Holstein-ch M 59th"]
[Site "Buesum"]
[Date "2004.??.??"]
[Round "2"]
[White "Westphal, Bernd"]
[Black "Boehm, Thomas1111"]
[Result "0-1"]
[WhiteElo "2153"]
[BlackElo "2053"]
[PlyCount "115"]
[EventDate "2004.??.??"]
[EventType "swiss"]
[EventRounds "9"]
[EventCountry "GER"]
[SourceTitle "EXT 2010"]
[Source "ChessBase"]
[SourceDate "2010.11.25"]
[SourceVersion "1"]
[SourceVersionDate "2010.11.25"]
[SourceQuality "1"]

1. d4 Nf6 2. Nf3 g6 3. Bg5 Bg7 4. Nbd2 d5 5. e3 0-0 6. Bd3 c5 7. c3 Qb6 8. Rb1 Nc6 9. 0-0 Bg4 10. h3 Bxf3 11. Nxf3 Rac8 12. Bf4 Nd7 13. Qb3 Qxb3 14. axb3 cxd4 15. exd4 f6 16. Bg3 e5 17. Bb5 e4 18. Nh2 f5 19. Bf4 a6 20. Be2 Rfe8 21. h4 Bf6 22. g3 Nf8 23. Rfe1 Ne6 24. Bh6 Ne7 25. f3 Bg7 26. Be3 Rf8 27. fxe4 fxe4 28. Bg4 Nf5 29. Rf1 Rce8 30. Bxf5 gxf5 31. Rf2 Rf7 32. Nf1 Ref8 33. Bf4 Nxf4 34. gxf4 Rd7 35. Ne3 Rf6 36. Rg2 Kf7 37. Kf2 Bh6 38. Rbg1 Bxf4 39. Rg7+ Ke6 40. Rxd7 Bxe3+ 41. Kxe3 f4+ 42. Kf2 Kxd7 43. Rg7+ Kc6 44. Rxh7 f3 45. Re7 Rg6 46. h5 Rg2+ 47. Kf1 Kd6 48. Re5 b5 49. c4 bxc4 50. bxc4 dxc4 51. Rxe4 Rxb2 52. Re3 Rh2 53. Rxf3 Kd5 54. Ra3 Kxd4 55. Rxa6 c3 56. Rd6+ Ke4 57. Ke1 Rh1+ 58. Ke2 0-1

[Event "Schleswig Holstein-ch M 59th"]
[Site "Buesum"]
[Date "2004.??.??"]
[Round "6"]
[White "Westphal, Bernd"]
[Black "Schwarz, Oliver"]
[Result "1-0"]
[WhiteElo "2153"]
[BlackElo "2137"]
[PlyCount "97"]
[EventDate "2004.??.??"]
[EventType "swiss"]
[EventRounds "9"]
[EventCountry "GER"]
[SourceTitle "EXT 2010"]
[Source "ChessBase"]
[SourceDate "2010.11.25"]
[SourceVersion "1"]
[SourceVersionDate "2010.11.25"]
[SourceQuality "1"]

1. d4 d5 2. c4 e6 3. Nc3 Nf6 4. cxd5 exd5 5. Bg5 Be7 6. e3 h6 7. Bh4 0-0 8. Bd3 Re8 9. Qc2 Nbd7 10. Nf3 a6 11. 0-0 b6 12. Rac1 Bb7 13. Rfd1 Rc8 14. Bf5 c5 15. Ne5 Rc7 16. Bg3 Rc8 17. Qb1 cxd4 18. exd4 b5 19. Qd3 b4 20. Nxd7 Nxd7 21. Na4 Rxc1 22. Rxc1 Bg5 23. Rd1 Qe7 24. h3 Bc8 25. Bg4 Bb7 26. Qf3 Bc6 27. Bxd7 Bxd7 28. Nc5 Bb5 29. Be5 Qd8 30. Nb7 Qd7 31. Nd6 Re6 32. Qxd5 Bc6 33. Qc5 Be7 34. d5 Rxe5 35. dxc6 Rxc5 36. cxd7 Rc7 37. Ne8 Rc2 38. d8Q Bxd8 39. Rxd8 Kh7 40. Ra8 Rxb2 41. Rxa6 b3 42. axb3 Rxb3 43. Nd6 Rb1+ 44. Kh2 Rb8 45. Ra7 f6 46. Nf5 Rg8 47. Kg3 h5 48. Kh4 Kh8 49. Rxg7 1-0

[Event "Schleswig Holstein-ch M 59th"]
[Site "Buesum"]
[Date "2004.??.??"]
[Round "9"]
[White "Westphal, Bernd"]
[Black "Wilde, Dennis"]
[Result "0-1"]
[WhiteElo "2153"]
[BlackElo "2182"]
[PlyCount "68"]
[EventDate "2004.??.??"]
[EventType "swiss"]
[EventRounds "9"]
[EventCountry "GER"]
[SourceTitle "EXT 2010"]
[Source "ChessBase"]
[SourceDate "2010.11.25"]
[SourceVersion "1"]
[SourceVersionDate "2010.11.25"]
[SourceQuality "1"]

1. d4 c5 2. d5 d6 3. Nc3 e5 4. e4 Be7 5. f4 Bf6 6. Nf3 Bg4 7. Bd3 a6 8. a4 Nd7 9. 0-0 exf4 10. Bxf4 Ne5 11. Bxe5 Bxe5 12. h3 Bxf3 13. Qxf3 Nf6 14. Nd1 Qd7 15. c3 h5 16. Ne3 h4 17. a5 Rh5 18. Bc2 0-0-0 19. Nc4 Qe7 20. Rac1 Kb8 21. b4 cxb4 22. cxb4 Rg5 23. Nxe5 Qxe5 24. b5 Rc8 25. bxa6 Rc3 26. Qf2 Rxh3 27. Qf4 Rhg3 28. Qxe5 Rxg2+ 29. Kh1 dxe5 30. Rf5 R5g3 31. a7+ Kxa7 32. Rxf6 gxf6 33. Ba4 Rd2 34. Rc7 Ra3 0-1

[Event "Guben op"]
[Site "Guben"]
[Date "2003.??.??"]
[Round "5"]
[White "Kretschmer, Oliver"]
[Black "Westphal, Bernd"]
[Result "0-1"]
[WhiteElo "1851"]
[BlackElo "2143"]
[PlyCount "38"]
[EventDate "2003.??.??"]
[EventType "swiss"]
[EventRounds "7"]
[EventCountry "GER"]
[SourceTitle "EXT 2008"]
[Source "ChessBase"]
[SourceDate "2007.11.25"]
[SourceVersion "1"]
[SourceVersionDate "2007.11.25"]
[SourceQuality "1"]

1. e4 d5 2. exd5 Nf6 3. c4 e6 4. dxe6 Bxe6 5. d3 Bb4+ 6. Bd2 Qe7 7. Bxb4 Qxb4+ 8. Qd2 Nc6 9. a3 Qe7 10. Ne2 0-0-0 11. b3 Bf5 12. Qf4 Bxd3 13. Nbc3 Nd4 14. Ra2 Bg6 15. Rd2 Nxb3 16. Ra2 Nc5 17. Rd2 Nd3+ 18. Rxd3 Rxd3 19. Nd1 Qxa3 0-1